Conocimiento y valor (Registro nro. 26668)

Detalles MARC
000 -LEADER
fixed length control field 00306 a2200109 4500
001 - CONTROL NUMBER
control field ART_12907
005 - DATE AND TIME OF LATEST TRANSACTION
control field 20260410161909.0
008 - FIXED-LENGTH DATA ELEMENTS--GENERAL INFORMATION
fixed length control field 260409a
100 1# - MAIN ENTRY--PERSONAL NAME
Personal name Meléndez, Horacio
245 10 - TITLE STATEMENT
Title Conocimiento y valor
773 0# - HOST ITEM ENTRY
Title Costos y gestión
Related parts - Año 13, Nº 53 (sep. 2004)
Record control number REV12786

No hay ítems disponibles.